|
|
|
|
| LEADER |
01788nas a2200445 a 4500 |
| 001 |
c000154284 |
| 003 |
CARM |
| 005 |
20020205155321.0 |
| 008 |
900409d19491961waumr1p 0uuua0eng d |
| 010 |
|
|
|a 52018333 //r903
|z sc 79004838
|
| 019 |
1 |
|
|a 7200157
|5 LACONCORD2021
|
| 022 |
|
|
|a 0097-563X
|
| 035 |
|
|
|a (OCoLC)1608058
|5 LACONCORD2021
|
| 042 |
|
|
|a nsdp
|a lc
|
| 043 |
|
|
|a n-usp--
|
| 050 |
0 |
0 |
|a TS800
|b .W4
|
| 130 |
|
0 |
|a Lumberman (Seattle, Wash.)
|
| 222 |
1 |
0 |
|a Lumberman
|b (Portland)
|
| 245 |
0 |
4 |
|a The Lumberman.
|
| 260 |
|
|
|a [Seattle, Wash. :
|b M. Freeman Publications,
|c 1949-1961]
|
| 300 |
|
|
|a 13 v. :
|b ill., ports. ;
|c 29 cm.
|
| 310 |
|
|
|a Monthly
|
| 362 |
0 |
|
|a Vol. 76, no. 9 (Sept. 1949)-v. 88, no. 9 (Sept. 1961).
|
| 500 |
|
|
|a "The production journal of the forest industries."
|
| 500 |
|
|
|a Title from cover.
|
| 530 |
|
|
|a Available on microfilm.
|
| 650 |
|
0 |
|a Lumber
|x Periodicals.
|
| 650 |
|
0 |
|a Lumbering
|x Periodicals.
|
| 650 |
|
0 |
|a Lumber trade
|x Periodicals.
|
| 710 |
2 |
|
|a Miller Freeman Publications, Inc.
|
| 776 |
1 |
|
|t Lumberman
|w (OCoLC)9589984
|
| 780 |
0 |
0 |
|t West Coast lumberman
|w (DLC) 90657524
|w (OCoLC)1780683
|
| 785 |
0 |
0 |
|t Lumberman and wood industries
|x 0360-1560
|w (DLC) 90657525
|w (OCoLC)1780618
|
| 852 |
8 |
|
|b CARM
|h A2:AI11C1
|i D02314
|p 0136569
|f SE
|
| 852 |
8 |
|
|b CARM
|h A2:AI11C4
|i D02315
|p 0136570
|f SE
|
| 866 |
|
0 |
|a 84:3(1957:02)-88:5(1961:05)
|
| 866 |
|
0 |
|a 84:3(1957:02)-88:5(1961:05)
|
| 999 |
f |
f |
|i 1ad58d06-5ce7-5085-abee-76d1c83d6ca0
|s 92526e1e-7185-504a-97d9-35b83c8fbf55
|
| 952 |
f |
f |
|p Can circulate
|a CAVAL
|b CAVAL
|c CAVAL
|d CARM 1 Store
|e D02314
|f A2:AI11C1
|h Other scheme
|i book
|k 84:3(1957:02)-86:1(1958:12)
|m 0136569
|
| 952 |
f |
f |
|p Can circulate
|a CAVAL
|b CAVAL
|c CAVAL
|d CARM 1 Store
|e D02315
|f A2:AI11C4
|h Other scheme
|i book
|k 87:1(1959:12)-88:5(1961:05)
|m 0136570
|